00924nab a2200193 i 4500001000400000003000400004005001700008008003900025040000800064080000900072100010900081245010200190260001000292500002100302520020900323650004000532650002700572773013100599BPPBPK20141210105401.0141109s1999 pl n f |000 0pol cBPK a62-2 aKUKIEŁKA, Leon.d1996 - .bPolitechnika Koszalińska - Wydział Mechaniczny,cKatedra Maszyn Roboczych aBudowa, charakterystyka i kształtowanie warstwy wierzchniej części maszyn /cLeon Kukiełka. c1999. aDane z autopsji. aWarstwy wierzchnie występują w różnych dziedzinach, np. w technologii maszyn i mikroelektronice. Niniejsza praca dotyczy warstwy wierzchniej stosowanej w technologii maszyn (technice wytwarzania). 0aStruktura geometryczna powierzchni. 0aMaszyny - technologia. iW :tKoszalińskie Studia i Materiały. -dKoszalin : Wyd. Uczelniane Politechniki Koszalińskiej, 1999. -gnr 1, s. 187-204